=LDR 00000nam 2200000 4500 =001 INLIS000000000026318 =005 20130612124751 =008 ***********************************Ind** =035 ##$$0010-061300000026318 =041 ##$$a Ind =082 ##$$a 294.5 =090 ##$$a 294.5, Sua a =100 ##$$a Suamba =245 ##$$a Agni purana, IB.Pt Suamba =260 ##$$a 1995 $b Denpasar =300 ##$$a viii, 165 hlm, 19 cm =650 ##$$a Hindu =850 ##$$a NBPNMAT